[Event "New York Winter GM-C"]
[Site "New York"]
[Date "2023.01.14"]
[Round "5"]
[White "Saksham, Rautela"]
[Black "Yudasin, Leonid"]
[Result "1/2-1/2"]
[WhiteElo "2366"]
[BlackElo "2393"]
[PlyCount "73"]
[EventDate "2023.01.12"]
[EventType "tourn"]
[EventRounds "9"]
[EventCountry "USA"]
[EventCategory "4"]
[SourceTitle "CBM 212 Extra"]
[Source "ChessBase"]
[SourceDate "2023.03.31"]
[SourceVersion "1"]
[SourceVersionDate "2023.03.31"]
[SourceQuality "1"]

1. e4 c5 2. Nf3 e6 3. d4 cxd4 4. Nxd4 a6 5. Nc3 Qc7 6. Be2 Nf6 7. 0-0 Nc6 8. Be3 d6 9. f4 Be7 10. Kh1 Na5 11. e5 dxe5 12. fxe5 Nd7 13. Bf4 0-0 14. Bd3 g6 15. Qg4 Qb6 16. Nf3 f5 17. exf6 Nxf6 18. Qg5 Qc5 19. Qxc5 Bxc5 20. Bh6 Re8 21. Ne5 Bd4 22. Rxf6 Bxe5 23. Ne4 Bd7 24. Raf1 Bb5 25. Rf7 Bxd3 26. cxd3 Bxb2 27. Ng5 Nc6 28. Nxe6 Ne7 29. Nc7 Nf5 30. R7xf5 gxf5 31. Nxa8 Rxa8 32. Rxf5 Rc8 33. g4 Bc1 34. Bxc1 Rxc1+ 35. Kg2 Rd1 36. Rd5 b5 37. a4 1/2-1/2

[Event "New York Winter GM-C"]
[Site "New York"]
[Date "2023.01.13"]
[Round "2"]
[White "Hardaway, Brewington"]
[Black "Saksham, Rautela"]
[Result "1-0"]
[WhiteElo "2345"]
[BlackElo "2366"]
[PlyCount "109"]
[EventDate "2023.01.12"]
[EventType "tourn"]
[EventRounds "9"]
[EventCountry "USA"]
[EventCategory "4"]
[SourceTitle "CBM 212 Extra"]
[Source "ChessBase"]
[SourceDate "2023.03.31"]
[SourceVersion "1"]
[SourceVersionDate "2023.03.31"]
[SourceQuality "1"]

1. e4 e5 2. Nf3 Nc6 3. Bb5 a6 4. Ba4 Nf6 5. 0-0 Be7 6. d3 b5 7. Bb3 d6 8. a3 0-0 9. Nc3 Bg4 10. Be3 Nd4 11. Bxd4 exd4 12. Nd5 c6 13. Nxe7+ Qxe7 14. h3 Bh5 15. g4 Nxg4 16. Nxd4 Nf6 17. Qd2 d5 18. Qg5 Qc5 19. Nf5 Bg6 20. c3 Bxf5 21. Qxf5 Qe7 22. e5 Nd7 23. Rae1 Qe6 24. Qxe6 fxe6 25. Bd1 Rf4 26. Kg2 Raf8 27. Bg4 Kf7 28. Kg3 Ke7 29. Re3 g6 30. h4 d4 31. cxd4 Rxd4 32. f4 Nb6 33. b4 Rfd8 34. Rff3 Ra8 35. Re1 Nd5 36. Re4 Rxe4 37. dxe4 Nb6 38. Rc3 Rc8 39. Kf2 Nc4 40. Be2 Nb6 41. h5 Na4 42. Rh3 Rf8 43. hxg6 hxg6 44. Ke3 c5 45. bxc5 Nxc5 46. Rh6 g5 47. fxg5 Nd7 48. Bg4 Nc5 49. Rh7+ Kd8 50. g6 Rg8 51. Bh5 Nd7 52. Kd4 a5 53. g7 Ke7 54. Rh8 Rxg7 55. Re8# 1-0

[Event "Chesterfield SPICE Cup op"]
[Site "Chesterfield"]
[Date "2022.12.18"]
[Round "1"]
[White "Ladan, Nicholas John"]
[Black "Saksham, Rautela"]
[Result "1-0"]
[WhiteElo "2091"]
[BlackElo "2393"]
[PlyCount "75"]
[EventDate "2022.12.18"]
[EventType "swiss"]
[EventRounds "9"]
[EventCountry "USA"]
[SourceTitle "CBM 212 Extra"]
[Source "ChessBase"]
[SourceDate "2023.03.31"]
[SourceVersion "1"]
[SourceVersionDate "2023.03.31"]
[SourceQuality "1"]

1. d4 Nf6 2. c4 e6 3. g3 c5 4. Nf3 d5 5. cxd5 Nxd5 6. Bg2 Nc6 7. 0-0 Be7 8. dxc5 0-0 9. a3 Bxc5 10. b4 Be7 11. Bb2 Bf6 12. Qc2 Bd7 13. e4 Bxb2 14. Qxb2 Qf6 15. e5 Qe7 16. Nbd2 f6 17. exf6 Qxf6 18. Qxf6 gxf6 19. Rfe1 Nce7 20. Bh3 Nf5 21. Nb3 b6 22. Nbd4 Rfe8 23. Nxf5 exf5 24. Rxe8+ Rxe8 25. Rd1 Bc6 26. Nd4 Bb7 27. Rc1 f4 28. Be6+ Kf8 29. g4 f3 30. Bd7 Re4 31. Nxf3 Nf4 32. Rc7 Bd5 33. h4 Re2 34. Bc6 Rc2 35. Nd4 Rc4 36. Rc8+ Ke7 37. Nf5+ Ke6 38. Bxd5+ 1-0

[Event "Titled Tuesday intern op 03rd May Early"]
[Site "Chess.com INT"]
[Date "2022.05.03"]
[Round "1"]
[White "Demchenko, Anton"]
[Black "Saksham, Rautela"]
[Result "0-1"]
[WhiteElo "2654"]
[BlackElo "2480"]
[PlyCount "134"]
[EventDate "2022.05.03"]
[EventType "swiss (blitz)"]
[EventRounds "11"]
[EventCountry "USA"]
[SourceTitle "CBM 208 Extra"]
[Source "ChessBase"]
[SourceDate "2022.07.31"]
[SourceVersion "1"]
[SourceVersionDate "2022.07.31"]
[SourceQuality "1"]

1. e4 e5 2. Nf3 Nc6 3. Bc4 Nf6 4. d3 Bc5 5. Bg5 h6 6. Bh4 a6 7. c3 d6 8. Nbd2 Ba7 9. 0-0 g5 10. Bg3 Ne7 11. d4 exd4 12. Nxd4 Ng6 13. Kh1 Qe7 14. Re1 Ne5 15. Bf1 h5 16. f3 Bd7 17. Bf2 h4 18. Qb3 Bb6 19. Nf5 Bxf5 20. Bxb6 Be6 21. Qa4+ Bd7 22. Qd4 cxb6 23. Qxb6 Bc6 24. Nb3 g4 25. f4 Ned7 26. Qd4 Bxe4 27. Nd2 d5 28. c4 0-0 29. cxd5 Rfe8 30. Bd3 Qc5 31. Qxc5 Nxc5 32. Bf1 h3 33. Kg1 hxg2 34. Bxg2 Bxg2 35. Kxg2 Nd3 36. Rxe8+ Rxe8 37. Kg3 Re2 38. Nc4 Nxb2 39. Ne5 Re3+ 40. Kh4 Nd3 41. Nxg4 Nxg4 42. Kxg4 Re4 43. Kf3 Rd4 44. Ke3 Rxd5 45. Rg1+ Kf8 46. h4 Nc5 47. Rc1 b6 48. Rb1 b5 49. Rc1 Ne6 50. Rh1 Rc5 51. h5 Kg7 52. Rg1+ Kh6 53. Rg8 Kxh5 54. Ke4 Rc4+ 55. Ke5 Rxf4 56. Ra8 Ra4 57. Kf5 Kh6 58. Kf6 Rf4+ 59. Ke5 Kg6 60. Rg8+ Kh7 61. Ra8 Kg7 62. Rxa6 Ra4 63. Rb6 Rxa2 64. Rxb5 Re2+ 65. Kd5 Nc7+ 66. Kc4 Nxb5 67. Kd3 Re6 0-1

[Event "Titled Tuesday intern op 03rd May Early"]
[Site "Chess.com INT"]
[Date "2022.05.03"]
[Round "5"]
[White "Saksham, Rautela"]
[Black "Wagner, Dennis"]
[Result "0-1"]
[WhiteElo "2480"]
[BlackElo "2586"]
[PlyCount "68"]
[EventDate "2022.05.03"]
[EventType "swiss (blitz)"]
[EventRounds "11"]
[EventCountry "USA"]
[SourceTitle "CBM 208 Extra"]
[Source "ChessBase"]
[SourceDate "2022.07.31"]
[SourceVersion "1"]
[SourceVersionDate "2022.07.31"]
[SourceQuality "1"]

1. Nf3 g6 2. g3 Bg7 3. Bg2 e5 4. 0-0 d5 5. d3 Ne7 6. e4 0-0 7. Re1 Nbc6 8. c3 a5 9. Nbd2 Re8 10. h3 h6 11. Nf1 Be6 12. Ne3 Qd7 13. Qc2 dxe4 14. dxe4 Bxh3 15. Rd1 Qc8 16. Nd5 Bg4 17. Be3 Nxd5 18. exd5 Ne7 19. d6 cxd6 20. Rxd6 Nf5 21. Rd2 Nxe3 22. fxe3 Qc5 23. Kf2 h5 24. Qb3 Bh6 25. Re1 Rad8 26. Rxd8 Rxd8 27. Qxb7 Kg7 28. Qe4 Bxf3 29. Bxf3 Rd6 30. Rd1 Rb6 31. Rd2 f5 32. Rd7+ Kf6 33. Qh4+ Bg5 34. Qa4 Qxe3+ 0-1

[Event "Titled Tuesday intern op 03rd May Early"]
[Site "Chess.com INT"]
[Date "2022.05.03"]
[Round "4"]
[White "Vifleemskaia, Svetlana"]
[Black "Saksham, Rautela"]
[Result "0-1"]
[WhiteElo "1926"]
[BlackElo "2480"]
[PlyCount "84"]
[EventDate "2022.05.03"]
[EventType "swiss (blitz)"]
[EventRounds "11"]
[EventCountry "USA"]
[SourceTitle "CBM 208 Extra"]
[Source "ChessBase"]
[SourceDate "2022.07.31"]
[SourceVersion "1"]
[SourceVersionDate "2022.07.31"]
[SourceQuality "1"]

1. d4 Nf6 2. c4 e6 3. Nc3 Bb4 4. e3 c5 5. Nge2 0-0 6. a3 Bxc3+ 7. Nxc3 cxd4 8. exd4 d5 9. Bg5 Nc6 10. cxd5 exd5 11. Be2 Bf5 12. 0-0 Re8 13. Bxf6 Qxf6 14. Nxd5 Qd6 15. Bf3 Be6 16. Nc3 Nxd4 17. Bxb7 Rab8 18. Be4 Rxb2 19. Re1 Rc8 20. Nd5 Qc5 21. Ne7+ Qxe7 22. Qxd4 Rcb8 23. Bf5 R2b3 24. Bxe6 fxe6 25. Qg4 Rxa3 26. Rxa3 Qxa3 27. Qxe6+ Kh8 28. Qe8+ Qf8 29. Qd7 Ra8 30. Ra1 a5 31. Ra4 h6 32. h3 Qb8 33. Rg4 Qb1+ 34. Kh2 Qb2 35. Qc6 Qe5+ 36. g3 Rf8 37. Kg2 Qe2 38. Qc5 Qf3+ 39. Kg1 Qd1+ 40. Kg2 Qf3+ 41. Kg1 Rd8 42. Rd4 Re8 0-1

[Event "Titled Tuesday intern op 19th Apr Early"]
[Site "Chess.com INT"]
[Date "2022.04.19"]
[Round "4"]
[White "Zor, Alber Kadir"]
[Black "Saksham, Rautela"]
[Result "1-0"]
[WhiteElo "2133"]
[BlackElo "2480"]
[PlyCount "67"]
[EventDate "2022.04.19"]
[EventType "swiss (blitz)"]
[EventRounds "11"]
[EventCountry "USA"]
[SourceTitle "EXT 2023"]
[Source "ChessBase"]
[SourceDate "2022.10.05"]
[SourceVersion "1"]
[SourceVersionDate "2022.10.05"]
[SourceQuality "1"]

1. e4 e5 2. Nf3 Nc6 3. d4 exd4 4. Nxd4 Nf6 5. Nxc6 bxc6 6. e5 Qe7 7. Qe2 Nd5 8. h4 Qe6 9. Nd2 a5 10. g3 Nb4 11. Nf3 Ba6 12. c4 Qg6 13. h5 Qc2 14. Rh4 0-0-0 15. a3 Qxe2+ 16. Kxe2 Nd5 17. Ke1 Nb6 18. b4 axb4 19. axb4 Bxb4+ 20. Bd2 Bxd2+ 21. Kxd2 Bb7 22. c5 Nd5 23. Rb1 d6 24. Ng5 Rd7 25. Bh3 h6 26. Nxf7 Rf8 27. Bxd7+ Kxd7 28. Rxb7 Rxf7 29. exd6 Rxf2+ 30. Ke1 Rc2 31. Rg4 Kc8 32. Ra7 Kb8 33. Ra1 Rxc5 34. d7 1-0

[Event "Titled Tuesday intern op 09th Nov"]
[Site "Chess.com INT"]
[Date "2021.11.09"]
[Round "1"]
[White "Madaminov, Mukhiddin"]
[Black "Saksham, Rautela"]
[Result "1-0"]
[WhiteElo "2260"]
[BlackElo "2480"]
[PlyCount "89"]
[EventDate "2021.11.09"]
[EventType "swiss (blitz)"]
[EventRounds "11"]
[EventCountry "USA"]
[SourceTitle "CBM 205 Extra"]
[Source "ChessBase"]
[SourceDate "2022.01.31"]
[SourceVersion "1"]
[SourceVersionDate "2022.01.31"]
[SourceQuality "1"]

1. d4 Nf6 2. Nc3 d6 3. e4 e5 4. Nf3 Nbd7 5. Bc4 Be7 6. 0-0 0-0 7. a4 c6 8. Re1 a6 9. a5 h6 10. b3 Qc7 11. Bb2 Re8 12. Bf1 Nf8 13. dxe5 dxe5 14. Na4 Ng6 15. Nb6 Rb8 16. Ba3 Bg4 17. h3 Rbd8 18. Bd3 Bxa3 19. Rxa3 Be6 20. Qa1 Nd7 21. Nxd7 Rxd7 22. Qc3 Red8 23. Bc4 Bxc4 24. Qxc4 Nf4 25. b4 Rd1 26. Ra1 Rxa1 27. Rxa1 Qe7 28. h4 Qf6 29. g3 Ne6 30. Kg2 Nd4 31. Ra3 Nxf3 32. Rxf3 Qe7 33. Rd3 Rxd3 34. cxd3 g6 35. Kf3 h5 36. Ke3 Qd7 37. Qc5 Qe6 38. Qb6 Qe7 39. Qc5 Qe6 40. d4 exd4+ 41. Qxd4 Qb3+ 42. Kf4 Qc2 43. Kg5 Qb3 44. Kh6 f6 45. Qxf6 1-0

[Event "Titled Tuesday intern op 09th Nov"]
[Site "Chess.com INT"]
[Date "2021.11.09"]
[Round "3"]
[White "Saksham, Rautela"]
[Black "Buker, Muhittin"]
[Result "0-1"]
[WhiteElo "2480"]
[BlackElo "1967"]
[PlyCount "82"]
[EventDate "2021.11.09"]
[EventType "swiss (blitz)"]
[EventRounds "11"]
[EventCountry "USA"]
[SourceTitle "CBM 205 Extra"]
[Source "ChessBase"]
[SourceDate "2022.01.31"]
[SourceVersion "1"]
[SourceVersionDate "2022.01.31"]
[SourceQuality "1"]

1. Nf3 Nf6 2. b3 g6 3. Bb2 Bg7 4. g3 0-0 5. Bg2 d5 6. 0-0 c5 7. c4 d4 8. e3 Nc6 9. exd4 cxd4 10. a3 a5 11. d3 e5 12. Re1 Re8 13. Nbd2 h6 14. Rb1 g5 15. Ba1 Bf5 16. Qc2 Qd6 17. c5 Qd7 18. Nc4 Qc7 19. b4 axb4 20. axb4 Rxa1 21. Rxa1 Nxb4 22. Qa4 Nxd3 23. Red1 Nxc5 24. Qb5 Nfd7 25. Rac1 g4 26. Nh4 Be6 27. Nd2 f5 28. Nb3 b6 29. Nxc5 bxc5 30. Bc6 Bf8 31. Ng6 Bd6 32. Re1 Kg7 33. Nh4 Rb8 34. Qa4 Nf6 35. Rb1 Rxb1 36. Rxb1 Bc8 37. Nxf5+ Kg6 38. Nh4+ Kg5 39. Qc2 Qh7 40. Qd2+ Kh5 41. Rb6 c4 0-1

[Event "World Cup U18 Prel"]
[Site "Tornelo INT"]
[Date "2021.08.20"]
[Round "9"]
[White "Saksham, Rautela"]
[Black "Spyropoulos, Nikolaos"]
[Result "1-0"]
[WhiteElo "2480"]
[BlackElo "2425"]
[PlyCount "69"]
[EventDate "2021.08.16"]
[EventType "swiss (rapid)"]
[EventRounds "10"]
[EventCountry "NET"]
[SourceTitle "CBM 203 Extra"]
[Source "ChessBase"]
[SourceDate "2021.09.30"]
[SourceVersion "1"]
[SourceVersionDate "2021.09.30"]
[SourceQuality "1"]

1. c4 e6 2. g3 Nf6 3. Bg2 d5 4. Nf3 d4 5. 0-0 c5 6. e3 Nc6 7. exd4 cxd4 8. d3 Bd6 9. Bg5 h6 10. Bxf6 Qxf6 11. Nbd2 Qe7 12. a3 a5 13. Ne4 Bc7 14. b4 axb4 15. axb4 Rxa1 16. Qxa1 Qxb4 17. Nxd4 Nxd4 18. Rb1 Qe7 19. Qxd4 0-0 20. c5 Rd8 21. Qc3 Qd7 22. Rb3 Qa4 23. h4 f5 24. Nd6 Bxd6 25. cxd6 Qa6 26. d7 Bxd7 27. Rxb7 Qd6 28. Kh2 e5 29. Qa5 Be6 30. Rb6 Qc7 31. Qb5 Bf7 32. Rb7 Qd6 33. Rb6 Qe7 34. Bh3 Bg6 35. Rxg6 1-0

[Event "Titled Tuesday intern op 29th June"]
[Site "Chess.com INT"]
[Date "2021.06.29"]
[Round "6"]
[White "Potapova, Margarita"]
[Black "Saksham, Rautela"]
[Result "0-1"]
[WhiteElo "2260"]
[BlackElo "2480"]
[PlyCount "68"]
[EventDate "2021.06.29"]
[EventType "swiss (blitz)"]
[EventRounds "11"]
[EventCountry "USA"]
[SourceTitle "CBM 203 Extra"]
[Source "ChessBase"]
[SourceDate "2021.09.30"]
[SourceVersion "1"]
[SourceVersionDate "2021.09.30"]
[SourceQuality "1"]

1. d4 Nf6 2. c4 c5 3. d5 e6 4. Nc3 exd5 5. cxd5 d6 6. Nf3 g6 7. Bf4 Bg7 8. Qa4+ Bd7 9. Qb3 b5 10. Bxd6 Qb6 11. Be5 c4 12. Qd1 0-0 13. e3 b4 14. Nb1 Bb5 15. Nbd2 c3 16. bxc3 Nxd5 17. c4 Nc3 18. Qc2 Ba4 19. Nb3 Nd7 20. Bxg7 Kxg7 21. Be2 Nc5 22. 0-0 Nxb3 23. axb3 Bxb3 24. Qb2 a5 25. Bd3 a4 26. Nd4 Qf6 27. Rfc1 Rfc8 28. Nxb3 axb3 29. Rxa8 Rxa8 30. Qxb3 Qd6 31. Bf1 Qd2 32. Rc2 Qe1 33. c5 Qxf1+ 34. Kxf1 Ra1+ 0-1

[Event "Titled Tuesday intern op 29th June"]
[Site "Chess.com INT"]
[Date "2021.06.29"]
[Round "9"]
[White "Saksham, Rautela"]
[Black "Arakhamia Grant, Ketevan"]
[Result "1-0"]
[WhiteElo "2480"]
[BlackElo "2380"]
[PlyCount "61"]
[EventDate "2021.06.29"]
[EventType "swiss (blitz)"]
[EventRounds "11"]
[EventCountry "USA"]
[SourceTitle "CBM 203 Extra"]
[Source "ChessBase"]
[SourceDate "2021.09.30"]
[SourceVersion "1"]
[SourceVersionDate "2021.09.30"]
[SourceQuality "1"]

1. Nf3 Nf6 2. g3 g6 3. Bg2 Bg7 4. 0-0 0-0 5. c3 d5 6. d4 Ne4 7. Nbd2 f5 8. Ne5 Nd7 9. Ndf3 Nxe5 10. Nxe5 Be6 11. b3 c5 12. Bb2 Rc8 13. Nd3 b6 14. Nf4 Bf7 15. Rc1 g5 16. Nd3 g4 17. Nf4 e5 18. dxe5 Bxe5 19. Nd3 Bd6 20. c4 d4 21. e3 dxe3 22. Bxe4 fxe4 23. Qxg4+ Bg6 24. Qe6+ Rf7 25. Ne5 Bxe5 26. Qxe5 Kf8 27. fxe3 Qd7 28. Rxf7+ Bxf7 29. Rf1 Rc6 30. Qg7+ Ke8 31. Bf6 1-0

[Event "Titled Tuesday intern op 29th June"]
[Site "Chess.com INT"]
[Date "2021.06.29"]
[Round "7"]
[White "Saksham, Rautela"]
[Black "Jia, Haoxiang"]
[Result "0-1"]
[WhiteElo "2480"]
[BlackElo "2331"]
[PlyCount "88"]
[EventDate "2021.06.29"]
[EventType "swiss (blitz)"]
[EventRounds "11"]
[EventCountry "USA"]
[SourceTitle "CBM 203 Extra"]
[Source "ChessBase"]
[SourceDate "2021.09.30"]
[SourceVersion "1"]
[SourceVersionDate "2021.09.30"]
[SourceQuality "1"]

1. e4 c5 2. Nf3 e6 3. d4 cxd4 4. Nxd4 a6 5. Nc3 Qc7 6. Be2 b5 7. 0-0 Bb7 8. Re1 Nc6 9. Nxc6 dxc6 10. Bf1 Rd8 11. Qf3 c5 12. Bf4 Bd6 13. Bxb5+ axb5 14. Nxb5 Qb6 15. Nxd6+ Rxd6 16. Qg3 e5 17. Qxg7 exf4 18. Qxh8 Rg6 19. Rad1 f3 20. g3 Qe6 21. Qxh7 Nf6 22. Qh8+ Rg8 23. Qh4 Ba6 24. Qf4 Be2 25. Qb8+ Ke7 26. Qc7+ Kf8 27. Qxc5+ Kg7 28. Qg5+ Kh7 29. Qh4+ Kg6 30. Rd2 Rg7 31. Rdxe2 fxe2 32. Rxe2 Rh7 33. Qf4 Kg7 34. Qf5 Qa6 35. Qg5+ Kf8 36. Rd2 Rh5 37. Qf4 Kg7 38. e5 Nh7 39. Qg4+ Rg5 40. Qf4 Qxa2 41. b3 Qa1+ 42. Kg2 Rxe5 43. Rd7 Qa8+ 44. Qf3 Qe8 0-1

[Event "Titled Tuesday intern op 29th June"]
[Site "Chess.com INT"]
[Date "2021.06.29"]
[Round "3"]
[White "Samarth, J Rao"]
[Black "Saksham, Rautela"]
[Result "0-1"]
[WhiteElo "1664"]
[BlackElo "2480"]
[PlyCount "70"]
[EventDate "2021.06.29"]
[EventType "swiss (blitz)"]
[EventRounds "11"]
[EventCountry "USA"]
[SourceTitle "CBM 203 Extra"]
[Source "ChessBase"]
[SourceDate "2021.09.30"]
[SourceVersion "1"]
[SourceVersionDate "2021.09.30"]
[SourceQuality "1"]

1. c4 Nf6 2. Nc3 e6 3. e4 d5 4. e5 d4 5. exf6 dxc3 6. bxc3 Qxf6 7. d4 b6 8. Be2 Bb7 9. Bf3 Bxf3 10. Nxf3 h6 11. h4 Nd7 12. Qe2 Bd6 13. Qe4 0-0 14. Bd2 Rfd8 15. Ke2 Nf8 16. Rh3 c5 17. Rah1 cxd4 18. Bg5 Qg6 19. Qxg6 Nxg6 20. h5 Nf4+ 21. Bxf4 Bxf4 22. cxd4 Rac8 23. g3 Bd6 24. Rc1 Rc7 25. Rhh1 Be7 26. Rc2 Bf6 27. Rd1 Kf8 28. Ke3 Ke7 29. Nh2 Rdc8 30. Rdc1 b5 31. c5 Rd7 32. Rd1 Rd5 33. Nf3 Rc6 34. Rcd2 a6 35. Rh1 a5 0-1